Iniciación a las ecuaciones en derivadas parciales y al análisis de Fourier /
Contenido: Introducción; Variable compleja; Separación de variables; Transformaciones integrales.
I tiakina i:
| Kaituhi matua: | |
|---|---|
| Hōputu: | Pukapuka |
| Reo: | Pāniora |
| I whakaputaina: |
Oviedo, España :
Septem,
2001, c2001
|
| Ngā marau: | |
| Ngā Tūtohu: |
Kāore He Tūtohu, Me noho koe te mea tuatahi ki te tūtohu i tēnei pūkete!
|
MARC
| LEADER | 00000nam^a2200000^a^4500 | ||
|---|---|---|---|
| 001 | 000152737 | ||
| 005 | 20250521000000.0 | ||
| 009 | 20260310100255.38 | ||
| 020 | |a 84-95687-07-0 | ||
| 037 | |a Acervo ITESO - Biblioteca | ||
| 041 | |a ESP | ||
| 082 | |a 515. 33 |b PED | ||
| 100 | |a Pedregal Tercero, Pablo |e (autor) | ||
| 245 | 1 | 0 | |a Iniciación a las ecuaciones en derivadas parciales y al análisis de Fourier / |c P. Pedregal Tercero. |
| 264 | 4 | |a Oviedo, España : |b Septem, |c 2001, c2001 | |
| 300 | |a III, 174 p. | ||
| 336 | |a texto |b txt |2 rdacontenido | ||
| 337 | |a sin mediación |b n |2 rdamedio | ||
| 338 | |a volumen |b nc |2 rdasoporte | ||
| 520 | |a Contenido: Introducción; Variable compleja; Separación de variables; Transformaciones integrales. | ||
| 649 | |a XX | ||
| 650 | |a Cálculo Diferencial | ||
| 650 | |a Variables (Matemáticas) | ||
| 650 | |a Números Complejos | ||
| 650 | |a Transformaciones Integrales | ||
| 650 | |a Transformaciones de Laplace | ||
| 650 | |a Transformaciones (Matemáticas) | ||
| 650 | |a Series de Potencia | ||
| 650 | |a Series de Fourier | ||
| 650 | |a Series (Matemáticas) | ||
| 650 | |a Funciones de Bessel | ||
| 650 | |a Funciones Especiales | ||
| 650 | |a Funciones (Matemáticas) | ||
| 650 | |a Ecuaciones Diferenciales Parciales | ||
| 650 | |a Ecuaciones Diferenciales | ||
| 650 | |a Ecuaciones Lineales | ||
| 650 | |a Ecuaciones | ||
| 650 | |a Integración Numérica | ||
| 650 | |a Análisis Numérico | ||
| 650 | |a Análisis Matemático | ||
| 650 | |a Matemáticas | ||
| 910 | |a Fondo General | ||
| 920 | |a Impresos - Libros | ||
| 930 | |a Colección General | ||
| 905 | |a 101 | ||
| 901 | |a 0500081721 |b IT1 |c ACC |u 20250521 | ||
| 901 | |a 0500081799 |b IT1 |c ACC |u 20250521 | ||
| 902 | |a https://opac.biblio.iteso.mx/vufind/Record/000152737 | ||